[Event "EUYCC 2025 - U12"]
[Site "?"]
[Date "2025.08.27"]
[Round "9.14"]
[White "Sevcikova, Terezie"]
[Black "Krastinsh, Daniels"]
[Result "0-1"]
[BlackElo "1560"]
[WhiteElo "1568"]
[LiveChessVersion "1.4.8"]

1. e4 {[%clk 1:30:53]} c6 {[%clk 1:30:35]} 2. d4 {[%clk 1:31:06]} d5
{[%clk 1:30:38]} 3. e5 {[%clk 1:29:44]} e6 {[%clk 1:28:58]} 4. Ne2
{[%clk 1:26:59]} c5 {[%clk 1:28:01]} 5. c3 {[%clk 1:26:36]} Nc6 {[%clk 1:27:24]}
6. Be3 {[%clk 1:25:29]} Qb6 {[%clk 1:25:56]} 7. Qc2 {[%clk 1:23:41]} Nge7
{[%clk 1:25:05]} 8. dxc5 {[%clk 1:16:36]} Qc7 {[%clk 1:23:31]} 9. Nd4
{[%clk 1:14:07]} Qxe5 {[%clk 1:18:23]} 10. Nd2 {[%clk 1:11:43]} Nf5
{[%clk 1:05:56]} 11. Nxf5 {[%clk 1:11:22]} exf5 {[%clk 1:05:46]} 12. O-O-O
{[%clk 1:10:15]} Be6 {[%clk 1:05:33]} 13. Bb5 {[%clk 1:09:12]} Qc7
{[%clk 1:05:21]} 14. f3 {[%clk 1:07:32]} a6 {[%clk 1:03:35]} 15. Ba4
{[%clk 0:58:20]} O-O-O {[%clk 1:02:09]} 16. Nb3 {[%clk 0:51:36]} g6
{[%clk 0:58:42]} 17. Bf2 {[%clk 0:42:20]} Qf4+ {[%clk 0:54:50]} 18. Nd2
{[%clk 0:42:00]} Qc7 {[%clk 0:54:23]} 19. Bg3 {[%clk 0:40:35]} f4
{[%clk 0:53:59]} 20. Bxc6 {[%clk 0:38:24]} fxg3 {[%clk 0:52:23]} 21. Ba4
{[%clk 0:37:05]} Bxc5 {[%clk 0:49:28]} 22. hxg3 {[%clk 0:33:18]} b5
{[%clk 0:47:44]} 23. Bb3 {[%clk 0:33:09]} Bf5 {[%clk 0:47:41]} 24. Ne4
{[%clk 0:32:06]} dxe4 {[%clk 0:46:51]} 25. fxe4 {[%clk 0:32:30]} Bg4
{[%clk 0:45:37]} 26. Rdf1 {[%clk 0:32:06]} Be3+ {[%clk 0:42:20]} 27. Kb1
{[%clk 0:32:11]} Rd2 {[%clk 0:32:42]} 28. Qc1 {[%clk 0:26:12]} Qxg3
{[%clk 0:30:28]} 29. Rxf7 {[%clk 0:25:34]} Qxg2 {[%clk 0:28:04]} 30. Rhf1
{[%clk 0:25:07]} Rhd8 {[%clk 0:19:31]} 31. a3 {[%clk 0:24:25]} Qxe4+
{[%clk 0:18:11]} 32. Bc2 {[%clk 0:24:24]} Qg2 {[%clk 0:16:53]} 33. b4
{[%clk 0:23:55]} Be6 {[%clk 0:12:22]} 34. R7f3 {[%clk 0:23:57]} Rxc2
{[%clk 0:09:56]} 35. Qxc2 {[%clk 0:24:03]} Bf5 {[%clk 0:09:42]} 36. Rxf5
{[%clk 0:24:14]} Qxc2+ {[%clk 0:10:04]} 37. Kxc2 {[%clk 0:24:35]} gxf5
{[%clk 0:10:28]} 38. Rxf5 {[%clk 0:24:54]} Rh8 {[%clk 0:10:36]} 39. Kd3
{[%clk 0:24:59]} Bc1 {[%clk 0:10:48]} 40. Rf6 {[%clk 0:25:24]} h5
{[%clk 0:10:24]} 41. Rxa6 {[%clk 0:25:35]} Kb7 {[%clk 0:10:37]} 42. Rg6
{[%clk 0:25:56]} Bf4 {[%clk 0:10:54]} 43. Rg1 {[%clk 0:25:22]} h4
{[%clk 0:11:05]} 44. c4 {[%clk 0:25:43]} bxc4+ {[%clk 0:11:16]} 45. Kxc4
{[%clk 0:26:09]} h3 {[%clk 0:11:36]} 46. Kb5 {[%clk 0:26:25]} h2 {[%clk 0:11:56]}
47. Rh1 {[%clk 0:26:52]} Rg8 {[%clk 0:12:21]} 48. a4 {[%clk 0:27:06]} Rg1
{[%clk 0:12:43]} 49. Rxh2 {[%clk 0:27:33]} Bxh2 {[%clk 0:13:06]} 50. a5
{[%clk 0:28:02]} Rg5+ {[%clk 0:13:20]} 51. Ka4 {[%clk 0:28:27]} Bc7
{[%clk 0:13:20]} 52. b5 Bxa5 {[%clk 0:13:27]} 53. Kxa5 {[%clk 0:29:01]} Ka7
{[%clk 0:13:53]} 0-1

[Event "EUYCC 2025 - U12"]
[Site "?"]
[Date "2025.08.27"]
[Round "9.15"]
[White "Galia, Simon"]
[Black "Cibickova, Diana"]
[Result "1/2-1/2"]
[BlackElo "1502"]
[WhiteElo "1478"]
[LiveChessVersion "1.4.8"]

1. e4 {[%clk 1:30:50]} e5 {[%clk 1:30:58]} 2. Nf3 {[%clk 1:31:03]} Nc6
{[%clk 1:31:23]} 3. d4 {[%clk 1:30:51]} exd4 {[%clk 1:31:48]} 4. Nxd4
{[%clk 1:31:11]} Bc5 {[%clk 1:31:52]} 5. Be3 {[%clk 1:31:07]} Qf6
{[%clk 1:29:44]} 6. c3 {[%clk 1:29:54]} a6 {[%clk 1:25:19]} 7. Be2
{[%clk 1:27:48]} Nge7 {[%clk 1:21:17]} 8. Nxc6 {[%clk 1:26:12]} Bxe3
{[%clk 1:15:15]} 9. O-O {[%clk 1:24:49]} Qxc6 {[%clk 1:12:52]} 10. fxe3
{[%clk 1:22:46]} Qxe4 {[%clk 1:00:54]} 11. Qd4 {[%clk 1:18:49]} Qxd4
{[%clk 1:00:23]} 12. exd4 {[%clk 1:18:12]} d6 {[%clk 0:59:42]} 13. Nd2
{[%clk 1:16:16]} O-O {[%clk 0:57:39]} 14. Bc4 {[%clk 1:13:04]} d5
{[%clk 0:56:37]} 15. Rae1 {[%clk 1:11:48]} Be6 {[%clk 0:56:37]} 16. Bb3
{[%clk 1:09:14]} c6 {[%clk 0:53:59]} 17. Nf3 {[%clk 1:07:24]} Nc8
{[%clk 0:39:31]} 18. Ng5 {[%clk 1:06:03]} Bd7 {[%clk 0:38:13]} 19. Bc2
{[%clk 1:02:13]} h6 {[%clk 0:31:12]} 20. Nf3 {[%clk 1:01:24]} Nd6
{[%clk 0:29:07]} 21. Ne5 {[%clk 0:59:25]} Rad8 {[%clk 0:25:45]} 22. Nxd7
{[%clk 0:53:05]} Rxd7 {[%clk 0:25:36]} 23. Bf5 {[%clk 0:52:34]} Rdd8
{[%clk 0:25:22]} 24. b3 {[%clk 0:50:37]} Rfe8 {[%clk 0:24:46]} 25. Bd3
{[%clk 0:50:33]} Kf8 {[%clk 0:22:55]} 26. a4 {[%clk 0:50:36]} Rxe1
{[%clk 0:20:16]} 27. Rxe1 {[%clk 0:50:40]} Re8 {[%clk 0:20:16]} 28. Rxe8+
{[%clk 0:50:20]} Kxe8 {[%clk 0:20:08]} 29. Kf2 {[%clk 0:48:44]} Ne4+
{[%clk 0:17:59]} 30. Bxe4 {[%clk 0:48:15]} dxe4 {[%clk 0:18:25]} 31. Ke3
{[%clk 0:47:24]} f5 {[%clk 0:18:34]} 32. g4 {[%clk 0:47:06]} g6 {[%clk 0:18:42]}
33. h4 {[%clk 0:47:04]} h5 {[%clk 0:17:16]} 34. gxh5 {[%clk 0:47:12]} gxh5
{[%clk 0:17:30]} 35. c4 {[%clk 0:47:19]} Kd7 {[%clk 0:17:12]} 36. b4
{[%clk 0:47:03]} b6 {[%clk 0:15:24]} 37. a5 {[%clk 0:46:57]} bxa5
{[%clk 0:13:53]} 38. bxa5 {[%clk 0:47:08]} Ke6 {[%clk 0:11:17]} 39. Kf4
{[%clk 0:46:47]} Kd6 {[%clk 0:08:18]} 40. Ke3 {[%clk 0:46:29]} c5
{[%clk 0:07:00]} 41. d5 {[%clk 0:46:31]} Ke5 {[%clk 0:06:53]} 42. Kf2
{[%clk 0:46:32]} f4 {[%clk 0:05:17]} 43. Ke2 {[%clk 0:46:43]} f3+
{[%clk 0:03:36]} 44. Ke3 {[%clk 0:47:05]} Kf5 {[%clk 0:03:36]} 45. Kf2
{[%clk 0:47:00]} Kf4 {[%clk 0:03:01]} 46. d6 {[%clk 0:47:10]} e3+
{[%clk 0:02:46]} 47. Kf1 {[%clk 0:47:13]} Kg3 {[%clk 0:01:13]} 48. d7
{[%clk 0:47:33]} e2+ {[%clk 0:01:07]} 49. Ke1 {[%clk 0:47:18]} f2+
{[%clk 0:01:09]} 50. Kxe2 {[%clk 0:47:00]} Kg2 {[%clk 0:01:21]} 51. d8=Q
{[%clk 0:47:10]} f1=Q+ {[%clk 0:01:41]} 52. Ke3 {[%clk 0:47:03]} Qe1+
{[%clk 0:01:48]} 53. Kf4 {[%clk 0:46:05]} Qf2+ {[%clk 0:01:56]} 54. Ke5
{[%clk 0:45:47]} Qe2+ {[%clk 0:01:52]} 55. Kf6 {[%clk 0:43:16]} 1/2-1/2

[Event "EUYCC 2025 - U12"]
[Site "?"]
[Date "2025.08.27"]
[Round "9.16"]
[White "Salim, Florian"]
[Black "Flidr, Jan"]
[Result "1-0"]
[BlackElo "1431"]
[WhiteElo "1649"]
[LiveChessVersion "1.4.8"]

1. e4 {[%clk 1:30:57]} c5 {[%clk 1:30:41]} 2. Nf3 {[%clk 1:31:19]} e6
{[%clk 1:30:31]} 3. d4 {[%clk 1:31:40]} cxd4 {[%clk 1:30:44]} 4. Nxd4
{[%clk 1:31:52]} Nf6 {[%clk 1:30:56]} 5. Nc3 {[%clk 1:32:11]} Nc6
{[%clk 1:30:33]} 6. Ndb5 {[%clk 1:31:53]} Bb4 {[%clk 1:30:11]} 7. a3
{[%clk 1:19:49]} Bxc3+ {[%clk 1:28:07]} 8. Nxc3 {[%clk 1:20:01]} a6
{[%clk 1:28:12]} 9. Bf4 {[%clk 1:15:40]} d5 {[%clk 1:25:22]} 10. exd5
{[%clk 1:15:50]} exd5 {[%clk 1:25:35]} 11. Bg5 {[%clk 1:15:16]} Be6
{[%clk 1:22:57]} 12. Be2 {[%clk 1:13:11]} O-O {[%clk 1:19:43]} 13. Bf3
{[%clk 1:04:24]} Re8 {[%clk 1:18:30]} 14. O-O {[%clk 1:04:08]} Rc8
{[%clk 1:09:06]} 15. Bxf6 {[%clk 1:02:23]} Qxf6 {[%clk 1:05:09]} 16. Re1
{[%clk 0:57:04]} Rcd8 {[%clk 1:03:36]} 17. Qd2 {[%clk 0:48:47]} Ne5
{[%clk 1:01:08]} 18. Be2 {[%clk 0:47:31]} Nc4 {[%clk 1:00:04]} 19. Bxc4
{[%clk 0:45:58]} dxc4 {[%clk 1:00:23]} 20. Qe2 {[%clk 0:45:43]} b5
{[%clk 1:00:09]} 21. Rad1 {[%clk 0:40:23]} Bd7 {[%clk 0:57:59]} 22. Qd2
{[%clk 0:39:55]} Bc6 {[%clk 0:57:42]} 23. Rxe8+ {[%clk 0:37:25]} Rxe8
{[%clk 0:57:35]} 24. f4 {[%clk 0:27:07]} h6 {[%clk 0:55:10]} 25. Qf2
{[%clk 0:19:16]} Bb7 {[%clk 0:54:09]} 26. Kf1 {[%clk 0:18:25]} Qf5
{[%clk 0:54:06]} 27. Rd2 {[%clk 0:11:11]} a5 {[%clk 0:53:15]} 28. Ne2
{[%clk 0:08:05]} b4 {[%clk 0:52:00]} 29. axb4 {[%clk 0:08:20]} axb4
{[%clk 0:52:25]} 30. Nd4 {[%clk 0:07:53]} Qg6 {[%clk 0:52:06]} 31. Re2
{[%clk 0:02:53]} Rd8 {[%clk 0:51:44]} 32. Qe3 {[%clk 0:02:19]} Qd6
{[%clk 0:51:00]} 33. Nf5 {[%clk 0:02:19]} Qf6 {[%clk 0:50:00]} 34. Qe7
{[%clk 0:01:23]} Qxe7 {[%clk 0:49:19]} 35. Rxe7 {[%clk 0:01:45]} Bd5
{[%clk 0:48:34]} 36. Ne3 {[%clk 0:01:35]} Kf8 {[%clk 0:47:23]} 37. Rc7
{[%clk 0:01:44]} b3 {[%clk 0:46:00]} 38. cxb3 {[%clk 0:01:21]} cxb3
{[%clk 0:46:18]} 39. Rc3 {[%clk 0:01:38]} Ke7 {[%clk 0:45:47]} 40. Ke2
{[%clk 0:01:46]} Ke6 {[%clk 0:46:03]} 41. f5+ {[%clk 0:01:58]} Ke5
{[%clk 0:46:20]} 42. Rd3 {[%clk 0:01:51]} g6 {[%clk 0:46:12]} 43. fxg6
{[%clk 0:01:34]} fxg6 {[%clk 0:46:34]} 44. Rxd5+ {[%clk 0:01:45]} Rxd5
{[%clk 0:46:54]} 45. Nxd5 {[%clk 0:02:11]} Kxd5 {[%clk 0:47:12]} 46. Kd3
{[%clk 0:02:37]} Ke5 {[%clk 0:47:27]} 47. Kc3 {[%clk 0:02:40]} Ke4
{[%clk 0:47:49]} 48. Kxb3 {[%clk 0:02:56]} Ke3 {[%clk 0:48:16]} 49. Kc4
{[%clk 0:03:09]} Kf2 {[%clk 0:48:40]} 50. g4 {[%clk 0:02:55]} h5 {[%clk 0:48:52]}
51. gxh5 {[%clk 0:03:05]} gxh5 {[%clk 0:49:16]} 52. b4 {[%clk 0:03:12]} h4
{[%clk 0:49:36]} 53. b5 {[%clk 0:03:20]} Kg2 {[%clk 0:49:51]} 54. b6
{[%clk 0:03:37]} Kxh2 {[%clk 0:50:13]} 55. b7 {[%clk 0:04:03]} h3
{[%clk 0:50:35]} 56. b8=Q+ {[%clk 0:04:27]} Kg2 {[%clk 0:50:53]} 57. Qb7+
{[%clk 0:04:27]} Kg3 {[%clk 0:51:05]} 58. Qh1 {[%clk 0:04:52]} h2
{[%clk 0:51:21]} 59. Kd3 {[%clk 0:05:18]} Kh3 {[%clk 0:51:42]} 60. Ke3
{[%clk 0:05:25]} Kg3 {[%clk 0:52:02]} 61. Qf3+ {[%clk 0:04:34]} Kh4
{[%clk 0:52:19]} 62. Kf4 {[%clk 0:04:47]} h1=Q {[%clk 0:52:29]} 63. Qg4# 1-0

[Event "EUYCC 2025 - U12"]
[Site "?"]
[Date "2025.08.27"]
[Round "9.17"]
[White "Maesepp, Stella"]
[Black "Nagy-Konya, Luca"]
[Result "0-1"]
[BlackElo "1526"]
[WhiteElo "1520"]
[LiveChessVersion "1.4.8"]

1. d4 {[%clk 1:30:55]} d5 {[%clk 1:30:52]} 2. Nf3 {[%clk 1:31:15]} e6
{[%clk 1:31:04]} 3. c4 {[%clk 1:31:22]} Nf6 {[%clk 1:31:25]} 4. g3
{[%clk 1:30:04]} Be7 {[%clk 1:29:55]} 5. Bg2 {[%clk 1:30:08]} O-O
{[%clk 1:29:55]} 6. Qc2 {[%clk 1:29:21]} Nbd7 {[%clk 1:29:12]} 7. O-O
{[%clk 1:28:55]} c5 {[%clk 1:28:42]} 8. cxd5 {[%clk 1:29:04]} Nxd5
{[%clk 1:28:47]} 9. dxc5 {[%clk 1:28:44]} Nxc5 {[%clk 1:28:43]} 10. a3
{[%clk 1:22:50]} Bd7 {[%clk 1:20:45]} 11. Nc3 {[%clk 1:18:17]} Nxc3
{[%clk 1:19:18]} 12. Qxc3 {[%clk 1:17:55]} Rc8 {[%clk 1:19:09]} 13. Qe3
{[%clk 1:15:22]} Ba4 {[%clk 1:14:36]} 14. Nd2 {[%clk 1:07:39]} Bg5
{[%clk 1:13:02]} 15. f4 {[%clk 1:06:16]} Bf6 {[%clk 1:13:13]} 16. Kh1
{[%clk 1:04:07]} Bd4 {[%clk 1:11:57]} 17. Qf3 {[%clk 1:00:00]} Bc6
{[%clk 1:11:44]} 18. Qg4 {[%clk 0:54:35]} Bxg2+ {[%clk 1:11:57]} 19. Kxg2
{[%clk 0:54:49]} Qd5+ {[%clk 1:10:27]} 20. Qf3 {[%clk 0:53:40]} Qxf3+
{[%clk 1:08:46]} 21. Rxf3 {[%clk 0:53:39]} Rfd8 {[%clk 1:08:47]} 22. Rb1
{[%clk 0:53:13]} f5 {[%clk 1:07:29]} 23. b4 {[%clk 0:49:12]} Na4 {[%clk 1:07:17]}
24. e3 {[%clk 0:29:13]} Bf6 {[%clk 1:07:03]} 25. Rf2 {[%clk 0:23:19]} Nc3
{[%clk 1:05:11]} 26. Rb3 {[%clk 0:17:19]} Nd5 {[%clk 1:05:22]} 27. Bb2
{[%clk 0:14:16]} Bxb2 {[%clk 1:05:02]} 28. Rxb2 {[%clk 0:14:06]} Nxe3+
{[%clk 1:05:28]} 29. Kf3 {[%clk 0:13:29]} Ng4 {[%clk 1:05:28]} 30. Re2
{[%clk 0:13:19]} Kf7 {[%clk 1:04:42]} 31. h3 {[%clk 0:07:30]} Nf6
{[%clk 1:05:04]} 32. Re3 {[%clk 0:07:07]} Nd5 {[%clk 1:05:03]} 33. Reb3
{[%clk 0:04:24]} Rd7 {[%clk 1:04:51]} 34. Ke2 {[%clk 0:02:20]} Rdc7
{[%clk 1:04:29]} 35. Rd3 {[%clk 0:01:41]} Nc3+ {[%clk 1:04:37]} 36. Ke1
{[%clk 0:01:27]} Nd5 {[%clk 1:04:34]} 37. Ke2 {[%clk 0:01:33]} Kf6
{[%clk 1:04:46]} 38. Nf3 {[%clk 0:01:20]} Rc2+ {[%clk 1:04:57]} 39. Rd2
{[%clk 0:00:48]} Rxb2 {[%clk 1:05:10]} 40. Rxb2 {[%clk 0:01:07]} Nc3+
{[%clk 1:05:27]} 41. Kf2 {[%clk 0:00:54]} Ne4+ {[%clk 1:05:41]} 42. Kg2
{[%clk 0:01:11]} b6 {[%clk 1:05:27]} 43. g4 {[%clk 0:00:49]} h6 {[%clk 1:04:51]}
44. h4 {[%clk 0:00:49]} fxg4 {[%clk 1:05:01]} 45. Nh2 {[%clk 0:00:40]} Kf5
{[%clk 1:04:42]} 46. Re2 {[%clk 0:00:43]} Kxf4 {[%clk 1:04:10]} 47. Nxg4
{[%clk 0:00:48]} Kxg4 {[%clk 1:04:01]} 48. Rxe4+ {[%clk 0:01:15]} Kf5
{[%clk 1:04:24]} 49. Re2 {[%clk 0:01:14]} Rc4 {[%clk 1:04:25]} 50. h5
{[%clk 0:00:44]} e5 {[%clk 1:04:06]} 51. Rf2+ {[%clk 0:00:46]} Kg5
{[%clk 1:04:08]} 52. Kf1 {[%clk 0:00:39]} Kxh5 {[%clk 1:04:13]} 53. Rf5+
{[%clk 0:01:04]} Kg6 {[%clk 1:04:23]} 54. Rxe5 {[%clk 0:01:24]} Rc3
{[%clk 1:04:39]} 55. a4 {[%clk 0:01:29]} Rc4 {[%clk 1:05:02]} 56. Rb5
{[%clk 0:01:28]} h5 0-1

[Event "EUYCC 2025 - U12"]
[Site "?"]
[Date "2025.08.27"]
[Round "9.18"]
[White "Siskova, Alexandra"]
[Black "Kroslakova, Michaela"]
[Result "1/2-1/2"]
[BlackElo "1655"]
[WhiteElo "1471"]
[LiveChessVersion "1.4.8"]

1. d4 {[%clk 1:30:56]} d5 {[%clk 1:30:32]} 2. e3 {[%clk 1:31:07]} Nf6
{[%clk 1:30:33]} 3. Bd3 {[%clk 1:30:38]} e6 {[%clk 1:28:21]} 4. a3
{[%clk 1:26:10]} c5 {[%clk 1:26:54]} 5. b3 {[%clk 1:25:46]} cxd4 {[%clk 1:25:31]}
6. exd4 {[%clk 1:25:43]} Nc6 {[%clk 1:25:45]} 7. Nf3 {[%clk 1:25:14]} Be7
{[%clk 1:25:10]} 8. Nbd2 {[%clk 1:24:52]} O-O {[%clk 1:24:32]} 9. O-O
{[%clk 1:23:44]} h6 {[%clk 1:21:55]} 10. Bb2 {[%clk 1:23:44]} b6 {[%clk 1:16:41]}
11. Ne5 {[%clk 1:21:10]} Bb7 {[%clk 1:14:18]} 12. Qe2 {[%clk 1:12:12]} Rc8
{[%clk 1:01:21]} 13. f4 {[%clk 1:08:14]} g6 {[%clk 0:57:42]} 14. g4
{[%clk 0:51:55]} Ne8 {[%clk 0:55:40]} 15. f5 {[%clk 0:45:24]} exf5
{[%clk 0:53:08]} 16. gxf5 {[%clk 0:44:41]} g5 {[%clk 0:53:11]} 17. Qh5
{[%clk 0:32:49]} Kg7 {[%clk 0:53:18]} 18. Rf3 {[%clk 0:20:03]} Nf6
{[%clk 0:52:13]} 19. Qh3 {[%clk 0:18:13]} Rh8 {[%clk 0:46:42]} 20. Qg2
{[%clk 0:05:37]} Qg8 {[%clk 0:43:56]} 21. Ng4 {[%clk 0:03:23]} Re8
{[%clk 0:41:57]} 1/2-1/2

[Event "EUYCC 2025 - U14"]
[Site "?"]
[Date "2025.08.20"]
[Round "2.1"]
[White "Diachek, Andrii"]
[Black "Rzadkowska, Kaja"]
[Result "1-0"]
[BlackElo "1878"]
[WhiteElo "2223"]
[LiveChessVersion "1.4.8"]

1. c4 {[%clk 1:30:57]} e5 {[%clk 1:30:35]} 2. Nc3 {[%clk 1:31:21]} Nf6
{[%clk 1:30:59]} 3. Nf3 {[%clk 1:31:46]} Nc6 {[%clk 1:31:18]} 4. e4
{[%clk 1:32:12]} Bb4 {[%clk 1:31:13]} 5. d3 {[%clk 1:32:36]} d6 {[%clk 1:31:26]}
6. a3 {[%clk 1:33:00]} Bxc3+ {[%clk 1:31:37]} 7. bxc3 {[%clk 1:33:25]} O-O
{[%clk 1:31:16]} 8. g3 {[%clk 1:32:35]} h6 {[%clk 1:30:46]} 9. Bg2
{[%clk 1:32:48]} Be6 {[%clk 1:30:42]} 10. Nh4 {[%clk 1:21:37]} Nh7
{[%clk 1:25:45]} 11. Nf5 {[%clk 1:14:27]} Bxf5 {[%clk 1:18:56]} 12. exf5
{[%clk 1:13:53]} Qf6 {[%clk 1:18:31]} 13. Qh5 {[%clk 1:10:35]} e4
{[%clk 1:04:30]} 14. d4 {[%clk 1:09:27]} Na5 {[%clk 0:56:24]} 15. O-O
{[%clk 0:58:11]} Rfe8 {[%clk 0:54:38]} 16. Re1 {[%clk 0:52:26]} Nxc4
{[%clk 0:50:52]} 17. Rxe4 {[%clk 0:50:57]} Rxe4 {[%clk 0:50:00]} 18. Bxe4
{[%clk 0:51:20]} Re8 {[%clk 0:49:13]} 19. Bd3 {[%clk 0:46:40]} Re1+
{[%clk 0:40:29]} 20. Kg2 {[%clk 0:47:03]} d5 {[%clk 0:38:32]} 21. Bg5
{[%clk 0:45:07]} Rxa1 {[%clk 0:35:29]} 22. Bxf6 {[%clk 0:45:28]} Nxf6
{[%clk 0:35:49]} 23. Qe2 {[%clk 0:45:31]} Nd6 {[%clk 0:35:47]} 24. Qb2
{[%clk 0:43:07]} Re1 {[%clk 0:34:27]} 25. f3 {[%clk 0:43:00]} Re3
{[%clk 0:34:00]} 26. Qd2 {[%clk 0:43:08]} Re7 {[%clk 0:34:11]} 27. g4
{[%clk 0:42:57]} Nd7 {[%clk 0:34:00]} 28. h4 {[%clk 0:34:36]} f6 {[%clk 0:33:56]}
29. Kf2 {[%clk 0:30:49]} Nb6 {[%clk 0:33:14]} 30. Qf4 {[%clk 0:27:30]} Nbc4
{[%clk 0:32:51]} 31. g5 {[%clk 0:23:56]} hxg5 {[%clk 0:31:58]} 32. hxg5
{[%clk 0:24:20]} fxg5 {[%clk 0:31:15]} 33. Qxg5 {[%clk 0:24:41]} Rf7
{[%clk 0:31:36]} 34. f6 {[%clk 0:21:52]} c6 {[%clk 0:30:51]} 35. fxg7
{[%clk 0:21:43]} Rxg7 {[%clk 0:30:49]} 36. Bg6 {[%clk 0:21:27]} Nf7
{[%clk 0:30:25]} 37. Qg4 {[%clk 0:19:51]} Ncd6 {[%clk 0:29:54]} 38. Bxf7+
{[%clk 0:20:00]} Nxf7 {[%clk 0:30:03]} 39. Qc8+ {[%clk 0:20:24]} Kh7
{[%clk 0:30:27]} 40. Qxb7 {[%clk 0:20:38]} Ng5 {[%clk 0:30:12]} 41. Qxc6
{[%clk 0:20:13]} Rf7 {[%clk 0:30:25]} 42. Qxd5 {[%clk 0:20:30]} Rxf3+
{[%clk 0:30:40]} 43. Qxf3 {[%clk 0:20:55]} Nxf3 {[%clk 0:31:06]} 44. Kxf3
{[%clk 0:21:21]} Kg6 {[%clk 0:31:31]} 45. Ke4 {[%clk 0:21:47]} 1-0

[Event "EUYCC 2025 - U14"]
[Site "?"]
[Date "2025.08.20"]
[Round "2.2"]
[White "Bolla, Zsofia"]
[Black "Petroff, Vlad"]
[Result "0-1"]
[BlackElo "2081"]
[WhiteElo "1772"]
[LiveChessVersion "1.4.8"]

1. e4 {[%clk 1:30:59]} e6 {[%clk 1:30:52]} 2. d4 {[%clk 1:31:21]} d5
{[%clk 1:31:17]} 3. Nd2 {[%clk 1:31:42]} c5 {[%clk 1:31:20]} 4. exd5
{[%clk 1:31:32]} Qxd5 {[%clk 1:31:20]} 5. Ngf3 {[%clk 1:31:44]} cxd4
{[%clk 1:31:05]} 6. Bc4 {[%clk 1:31:51]} Qd8 {[%clk 1:30:47]} 7. Nb3
{[%clk 1:29:34]} Nc6 {[%clk 1:27:59]} 8. Nbxd4 {[%clk 1:28:18]} Nxd4
{[%clk 1:27:30]} 9. Qxd4 {[%clk 1:24:51]} Qxd4 {[%clk 1:25:26]} 10. Nxd4
{[%clk 1:25:11]} a6 {[%clk 1:25:54]} 11. Bf4 {[%clk 1:24:13]} b5 {[%clk 1:22:05]}
12. Be2 {[%clk 1:19:26]} Bb7 {[%clk 1:21:36]} 13. Bf3 {[%clk 1:19:33]} Bxf3
{[%clk 1:21:13]} 14. Nxf3 {[%clk 1:19:51]} Nf6 {[%clk 1:20:20]} 15. O-O
{[%clk 1:11:34]} Be7 {[%clk 1:18:23]} 16. Rfd1 {[%clk 1:06:52]} Nd5
{[%clk 1:16:53]} 17. Bg3 {[%clk 1:02:58]} b4 {[%clk 1:10:36]} 18. Ne5
{[%clk 0:52:34]} O-O {[%clk 1:09:57]} 19. Nc6 {[%clk 0:38:14]} Bf6
{[%clk 1:05:16]} 20. Ne5 {[%clk 0:34:14]} Rfc8 {[%clk 1:04:06]} 21. Rd2
{[%clk 0:33:23]} Be7 {[%clk 0:52:34]} 22. Nd3 {[%clk 0:26:03]} a5
{[%clk 0:49:11]} 23. Nf4 {[%clk 0:24:00]} Nb6 {[%clk 0:41:18]} 24. b3
{[%clk 0:23:36]} Bg5 {[%clk 0:40:37]} 25. Re2 {[%clk 0:22:26]} Rc6
{[%clk 0:35:20]} 26. a4 {[%clk 0:17:31]} Rac8 {[%clk 0:34:45]} 27. Rc1
{[%clk 0:17:33]} Rc3 {[%clk 0:33:25]} 28. h4 {[%clk 0:16:53]} Be7
{[%clk 0:31:27]} 29. f3 {[%clk 0:08:43]} Bd6 {[%clk 0:27:44]} 30. Rd1
{[%clk 0:08:21]} Bxf4 {[%clk 0:27:17]} 31. Bxf4 {[%clk 0:08:46]} Nd5
{[%clk 0:27:45]} 32. Red2 {[%clk 0:05:36]} Rxc2 {[%clk 0:26:55]} 33. Rxc2
{[%clk 0:03:08]} Rxc2 {[%clk 0:27:23]} 34. Be3 {[%clk 0:03:15]} h6
{[%clk 0:27:34]} 35. Bd4 {[%clk 0:03:22]} Kh7 {[%clk 0:27:26]} 36. g3
{[%clk 0:03:27]} h5 {[%clk 0:26:32]} 37. Rb1 {[%clk 0:02:57]} Rd2
{[%clk 0:26:19]} 38. Be5 {[%clk 0:02:30]} f6 {[%clk 0:26:11]} 39. Bb8
{[%clk 0:02:05]} Kg6 {[%clk 0:26:02]} 40. Ba7 {[%clk 0:02:20]} Kf7
{[%clk 0:26:14]} 41. Bc5 {[%clk 0:02:31]} Rc2 {[%clk 0:25:27]} 42. Bf2
{[%clk 0:02:00]} Nc3 {[%clk 0:25:17]} 43. Re1 {[%clk 0:02:19]} Ne2+
{[%clk 0:24:43]} 44. Kf1 {[%clk 0:02:33]} Nc1 {[%clk 0:23:51]} 45. Rd1
{[%clk 0:00:45]} Ke7 {[%clk 0:23:37]} 46. Bb6 {[%clk 0:00:49]} Nxb3
{[%clk 0:23:40]} 47. Bd8+ {[%clk 0:00:54]} Ke8 {[%clk 0:22:12]} 48. Ke1
{[%clk 0:01:10]} Rc3 {[%clk 0:20:21]} 49. Kf2 {[%clk 0:01:15]} Rc5
{[%clk 0:19:30]} 50. Bb6 {[%clk 0:01:30]} Rd5 {[%clk 0:19:48]} 51. Re1
{[%clk 0:01:46]} Kd7 {[%clk 0:19:48]} 52. Be3 {[%clk 0:01:44]} Nd2
{[%clk 0:20:00]} 53. Rc1 {[%clk 0:01:43]} b3 {[%clk 0:19:35]} 54. Ke2
{[%clk 0:00:51]} b2 {[%clk 0:19:53]} 55. Bxd2 {[%clk 0:01:01]} bxc1=Q
{[%clk 0:20:09]} 56. Bxc1 {[%clk 0:01:19]} Rd4 {[%clk 0:20:37]} 57. Bd2
{[%clk 0:01:23]} Rxa4 {[%clk 0:21:05]} 0-1

[Event "EUYCC 2025 - U14"]
[Site "?"]
[Date "2025.08.20"]
[Round "2.3"]
[White "Pogorelskiy, Boris"]
[Black "Plechacek, Matej"]
[Result "1-0"]
[BlackElo "1741"]
[WhiteElo "1978"]
[LiveChessVersion "1.4.8"]

1. e4 {[%clk 1:30:51]} c5 {[%clk 1:30:54]} 2. Nf3 {[%clk 1:31:18]} Nc6
{[%clk 1:31:18]} 3. d4 {[%clk 1:31:45]} cxd4 {[%clk 1:31:42]} 4. Nxd4
{[%clk 1:32:13]} e6 {[%clk 1:32:04]} 5. Nc3 {[%clk 1:32:41]} Bc5 {[%clk 1:32:16]}
6. Nb3 {[%clk 1:33:08]} Bb6 {[%clk 1:32:31]} 7. Bf4 {[%clk 1:33:34]} a6
{[%clk 1:32:37]} 8. Bd6 {[%clk 1:31:40]} Nge7 {[%clk 1:30:44]} 9. Qd2
{[%clk 1:25:47]} Bc7 {[%clk 1:26:53]} 10. O-O-O {[%clk 1:25:37]} Bxd6
{[%clk 1:27:04]} 11. Qxd6 {[%clk 1:26:02]} b6 {[%clk 1:27:04]} 12. f4
{[%clk 1:21:17]} Ra7 {[%clk 1:23:58]} 13. g4 {[%clk 1:06:35]} Qc7
{[%clk 1:23:49]} 14. Bg2 {[%clk 1:04:46]} Qxd6 {[%clk 1:23:02]} 15. Rxd6
{[%clk 1:05:12]} Ng6 {[%clk 1:21:23]} 16. Rf1 {[%clk 1:03:10]} Ke7
{[%clk 1:18:50]} 17. e5 {[%clk 1:03:02]} Rc7 {[%clk 1:18:43]} 18. Na4
{[%clk 0:47:44]} b5 {[%clk 1:14:22]} 19. Bxc6 {[%clk 0:46:48]} Rxc6
{[%clk 1:11:57]} 20. Rxc6 {[%clk 0:46:50]} dxc6 {[%clk 1:12:18]} 21. Nac5
{[%clk 0:46:40]} Kd8 {[%clk 1:11:46]} 22. Kd2 {[%clk 0:45:28]} Kc7
{[%clk 1:12:02]} 23. Ke3 {[%clk 0:45:56]} h5 {[%clk 1:11:41]} 24. g5
{[%clk 0:44:17]} Ne7 {[%clk 1:11:17]} 25. Rd1 {[%clk 0:43:36]} Rd8
{[%clk 1:10:59]} 26. Rxd8 {[%clk 0:42:51]} Kxd8 {[%clk 1:11:27]} 27. Ne4
{[%clk 0:41:00]} Nf5+ {[%clk 1:06:56]} 28. Kf2 {[%clk 0:41:21]} g6
{[%clk 1:06:22]} 29. Nbc5 {[%clk 0:41:17]} Kc7 {[%clk 1:06:36]} 30. Nf6
{[%clk 0:39:52]} Kd8 {[%clk 1:02:43]} 31. Nce4 {[%clk 0:36:52]} Ke7
{[%clk 1:01:39]} 32. b4 {[%clk 0:34:34]} Bd7 {[%clk 0:56:40]} 33. c3
{[%clk 0:33:49]} Nh4 {[%clk 0:56:38]} 34. Nd6 {[%clk 0:28:13]} Nf5
{[%clk 0:56:16]} 35. Nxf5+ {[%clk 0:24:54]} exf5 {[%clk 0:56:38]} 36. Nxd7
{[%clk 0:25:22]} Kxd7 {[%clk 0:56:55]} 37. Ke3 {[%clk 0:25:50]} Kc7
{[%clk 0:56:13]} 38. Kd4 {[%clk 0:26:15]} Kb6 {[%clk 0:56:20]} 39. e6
{[%clk 0:26:43]} fxe6 {[%clk 0:55:34]} 40. Ke5 {[%clk 0:27:10]} c5
{[%clk 0:55:08]} 41. Kxe6 {[%clk 0:27:37]} a5 {[%clk 0:54:46]} 42. a3
{[%clk 0:27:57]} axb4 {[%clk 0:54:51]} 43. axb4 {[%clk 0:28:22]} cxb4
{[%clk 0:55:12]} 44. cxb4 {[%clk 0:28:51]} Kc6 {[%clk 0:55:22]} 45. h4
{[%clk 0:29:18]} 1-0